Latex custom compounding and integration of natural rubber production with manufacture (Record no. 62002)

MARC details
000 -LEADER
fixed length control field 00476nam a2200145Ia 4500
100 ## - MAIN ENTRY--AUTHOR NAME
Personal name Wong N P
245 #0 - TITLE STATEMENT
Title Latex custom compounding and integration of natural rubber production with manufacture
260 ## - PUBLICATION, DISTRIBUTION, ETC. (IMPRINT)
Name of publisher Proceedings of the International Rubber Conference, Kuala Lumpur. V.4, 1975; p310-320
650 ## - SUBJECT ADDED ENTRY--TOPICAL TERM
Topical Term NR production Latex compounding
700 ## - ADDED ENTRY--PERSONAL NAME
Personal name Low E H
700 ## - ADDED ENTRY--PERSONAL NAME
Personal name Ng K P
700 ## - ADDED ENTRY--PERSONAL NAME
Personal name Ong C O
942 ## - ADDED ENTRY ELEMENTS (KOHA)
Koha item type Journals
Holdings
Withdrawn status Lost status Damaged status Not for loan Home library Current library Shelving location Date acquired Koha item type
      Journals RRII Library RRII Library Rubber chemistry 17/12/2021 Journals